|
|
|
|
| LEADER |
00979nam a2200265 a 4500 |
| 001 |
GR-Patra5148 |
| 008 |
991022s1994 enk 000 b eng d |
| 020 |
|
|
|a 0077076265
|
| 040 |
|
|
|a GrPaTEI
|b gre
|c GR-PaULI
|
| 245 |
0 |
0 |
|a Managing the unknown :
|b by creating new futures.
|
| 260 |
|
|
|a London :
|b McGraw-Hill,
|c 1994
|
| 300 |
|
|
|a xxii, 259σ. :
|b εικ., πίν.
|
| 500 |
|
|
|a Bibliography: p.244-250
|
| 650 |
|
0 |
|a Management
|
| 650 |
|
4 |
|a ΔΙΟΙΚΗΣΗ ΚΑΙ ΟΡΓΑΝΩΣΗ
|
| 650 |
|
4 |
|a ΔΙΟΙΚΗΣΗ ΚΑΙ ΟΡΓΑΝΩΣΗ
|
| 650 |
|
4 |
|a ΔΙΟΙΚΗΣΗ ΚΑΙ ΟΡΓΑΝΩΣΗ
|
| 700 |
1 |
|
|a Boot, Richard
|
| 700 |
1 |
|
|a Lawrence, Jean
|
| 700 |
1 |
|
|a Morris, John
|
| 710 |
0 |
|
|a McGraw-Hill
|
| 942 |
|
|
|2 ddc
|
| 952 |
|
|
|0 0
|1 0
|2 ddc
|4 0
|6 658_000000000000000_MAN
|7 0
|9 286247
|a LISK
|b LISK
|c BSC
|d 2021-01-17
|e 24
|f 0
|g 0.00
|l 0
|o 658 MAN
|p 9241008853
|r 2021-01-17 00:00:00
|t 1
|w 2021-01-17
|y BK15
|x 19991024 0 1
|x GrPaTEI
|
| 971 |
|
|
|a .b26526542
|b 15-04-20
|c 23-09-16
|
| 999 |
|
|
|c 166976
|d 166976
|